Statistics for Countries With The Least People Under 15

Click here to take the quiz!

General Stats

  • This quiz has been taken 19 times
  • The average score is 42 of 50

Answer Stats

%Country% Correct
15.7Finland
100%
12.6Germany
100%
16.6Norway
100%
16.4Sweden
100%
16.3United Kingdom
100%
16.5Albania
94%
13.6Austria
94%
15.2Belarus
94%
14.2Bulgaria
94%
15.2Canada
94%
16.2China
94%
13.5Croatia
94%
16.0Denmark
94%
15.3Estonia
94%
14.3Greece
94%
14.9Latvia
94%
14.7Lithuania
94%
14.0Romania
94%
16.5Russia
94%
14.5Slovakia
94%
14.8Slovenia
94%
13.4Andorra
88%
15.0Czech Republic
88%
13.4Italy
88%
12.4Japan
88%
12.8Singapore
88%
15.0Switzerland
88%
14.2Ukraine
88%
13.1Bosnia and Herzegovina
81%
16.1Luxembourg
81%
14.1Malta
81%
9.4Monaco
81%
16.3Montenegro
81%
12.7Portugal
81%
13.8Serbia
81%
12.8South Korea
81%
14.5Spain
81%
12.5Taiwan
81%
16.2Belgium
75%
15.2Cyprus
75%
14.4Hungary
75%
14.5Liechtenstein
75%
15.5Netherlands
75%
15.2North Macedonia
75%
14.5Poland
75%
14.2United Arab Emirates
69%
12.8Qatar
56%
15.5Cuba
44%
15.9Thailand
44%
16.3Barbados
38%

Score Distribution

Percentile by Number Answered

Percent of People with Each Score

Your Score History

You have not taken this quiz